banner-ar

موسوعة الفراعنة : (Record no. 59627)

MARC details
000 -الفاتح
حقل البيانات ثابتة الطول 01017nam a2200265Ia 4500
005 - وقت وتاريخ اخر تعامل مع التسجيلة
رقم الضبط 20240530110310.0
008 - عناصر البيانات ثابتة الطول - معلومات عامة
حقل البيانات ثابتة الطول 140319s9999 xx 000 0 ara d
020 ## - الرقم الدولى المعيارى للكتب
الرقم الدولى المعيارى للكتاب 9775091020
040 ## - مصدر الفهرسة
وكالة الفهرسة الأصلية GCL /
وكالة النسخ GCL
082 04 - رقم تصنيف ديوى العشرى
رقم التصنيف 932
رقم المادة ق/ف م
100 1# - المدخل الرئيسى - إسم شخصى
الإسم الشخصى فير نوس، باسكال
245 10 - بيان العنوان
العنوان موسوعة الفراعنة :
بقية العنوان الاسماء- الاماكن- الموضوعات /
بيان المسئوليه,etc فير نوس، باسكال ؛ يويوت، جان ، ترجمة محمود ماهر طه
250 ## - بيان الطبعة
بيان الطبعة ط1
260 ## - PUBLICATION, DISTRIBUTION, ETC. (IMPRINT)
تاريخ النشر أو التوزيع 1991
300 ## - الوصف المادى
التعداد 295 ص :
تفاصيل ماديه اخرى للوعاء خرائط ؛
أبعاد الوعاء 24 سم
650 04 - المدخل الاضافى بالموضوع-مصطلح موضوعى
مصطلح موضوعي الموسوعات
650 04 - المدخل الاضافى بالموضوع-مصطلح موضوعى
مصطلح موضوعي الفراعنة
650 04 - المدخل الاضافى بالموضوع-مصطلح موضوعى
مصطلح موضوعي المصريون القدماء
650 04 - المدخل الاضافى بالموضوع-مصطلح موضوعى
مصطلح موضوعي الفراعنة - مصر - تاريخ
650 04 - المدخل الاضافى بالموضوع-مصطلح موضوعى
مصطلح موضوعي مصر القديمة - تاريخ
700 1# - المدخل الاضافى - اسم شخصى
الإسم الشخصى يويوت، جان
الدور مؤلف مشارك
700 1# - المدخل الاضافى - اسم شخصى
الإسم الشخصى محمود ماهر طه
الدور مترجم
942 ## - عناصر المدخل الإضافي( كوها)
مصدر التصنيف او مخطط الترفيف Dewey Decimal Classification
Koha [default] item type المراجع
260 ## - PUBLICATION, DISTRIBUTION, ETC. (IMPRINT)
-- القاهرة :
-- دار الفكر للدراسات والنشر والتوزيع ،
Holdings
حالة التراجع حالة الفقد مصدر التصنيف او خطة الترفيف حالة تلف ليس للاعارة المكان المؤقت الموقع الحالى تاريخ الاكتساب اجمالي اﻻعارات رقم الطلب الباركود تاريخ اخر مشاهدة تاريخ تفعيل السعر نوع وعاء كوها
    ddc     مكتبة القاهرة الكبرى مكتبة القاهرة الكبرى 03/26/2014   932 ق/ف م 157477 03/26/2014 03/26/2014 المراجع
          مكتبة القاهرة الكبرى مكتبة القاهرة الكبرى 03/26/2014   932 ق/ف م 157478 03/26/2014 03/26/2014 المراجع
          مكتبة القاهرة الكبرى مكتبة القاهرة الكبرى 03/26/2014   932 ق/ف م 157479 03/26/2014 03/26/2014 المراجع
          مكتبة القاهرة الكبرى مكتبة القاهرة الكبرى 03/26/2014   932 ق/ف م 157480 03/26/2014 03/26/2014 المراجع

Powered By

EGPV